[Event "Ruhrgebiet VL1 0304"]
[Site "Ruhrgebiet"]
[Date "2004.04.25"]
[Round "9.8"]
[White "Otto, Hans Joachim"]
[Black "Roh, Angelika"]
[Result "1-0"]
[WhiteElo "1534"]
[BlackElo "1460"]
[PlyCount "133"]
[EventDate "2003.09.28"]
[EventType "team"]
[EventRounds "9"]
[EventCountry "GER"]
[SourceTitle "EXT 2007"]
[Source "ChessBase"]
[SourceDate "2006.11.23"]
[SourceVersion "1"]
[SourceVersionDate "2006.11.23"]
[SourceQuality "1"]
[WhiteTeam "Osterfeld"]
[BlackTeam "Altstadt RE"]
[WhiteTeamCountry "GER"]
[BlackTeamCountry "GER"]

1. e4 e5 2. Bc4 Nf6 3. Nf3 Nxe4 4. Nxe5 d5 5. Bb3 Qf6 6. Nf3 Be6 7. d3 Nc5 8. 0-0 h6 9. c3 Bd6 10. Be3 Nc6 11. Bxc5 Bxc5 12. d4 Bd6 13. Nbd2 0-0 14. Ba4 Ne7 15. Bb5 Qg6 16. Re1 a6 17. Bf1 c5 18. g3 c4 19. Bg2 b5 20. a3 Rfe8 21. Nf1 Bg4 22. Qd2 Be6 23. Re2 Qf6 24. h3 Bf5 25. Ne3 Be4 26. Nh2 Bxg2 27. Kxg2 Qg6 28. Rae1 Kf8 29. Nf3 h5 30. h4 f5 31. Qc2 f4 32. Qxg6 Nxg6 33. Nxd5 fxg3 34. fxg3 Rxe2+ 35. Rxe2 Re8 36. Rxe8+ Kxe8 37. Ng5 Ne7 38. Ne3 g6 39. Kf3 Kd7 40. g4 hxg4+ 41. Kxg4 Bh2 42. Ne4 a5 43. Nc5+ Kc6 44. Ne6 Kd7 45. Nf4 Ke8 46. Kf3 Kd7 47. Nf1 Bxf4 48. Kxf4 Ke6 49. Kg5 Kf7 50. Nd2 Ke6 51. Ne4 Kd7 52. Nc5+ Ke8 53. Nb7 Kd7 54. Nxa5 Kc7 55. b3 Kb6 56. b4 Kc7 57. Kf6 Nd5+ 58. Kxg6 Nxc3 59. h5 Nd5 60. h6 c3 61. Nb3 Nf4+ 62. Kg7 c2 63. h7 Ne6+ 64. Kg8 Nxd4 65. Nc1 Nc6 66. h8Q Ne7+ 67. Kf7 1-0